Sanat: Hei rakas - BEHM - Statistics

Yleistilastot
  • Tätä visaa on pelattu 1 095 kertaa
  • Keskiarvotulos 149 / 210
Vastaustilastot
Sanat % Oikein
Hei
98%
On
98%
on
98%
rakas
98%
kerro
97%
mulle,
97%
tää
97%
tunne
97%
tunne,
97%
mikä
96%
ei
95%
kun
95%
Mut
86%
mut
86%
83%
se
83%
kauniin
82%
tehdä
82%
Voisin
82%
valmiin,
81%
ois
80%
jaloissani
79%
vaan
79%
tunnu
78%
ne
77%
sua
77%
tai
77%
ilman
76%
maa
76%
seiniä
73%
laulun
72%
jos
69%
Jos
69%
kodistani
69%
Linnunratakaan
68%
riitä
66%
64%
sointuja
63%
kertois
61%
laulustani
60%
Mistä
59%
susta
59%
alkaisin,
58%
Joku
58%
kertoisin
58%
kai
57%
kodin
56%
pois
56%
toinen
56%
kauniimmin
53%
joka
52%
askel,
50%
jonka
50%
musta
48%
otat
48%
kuin
47%
poispäin
47%
silti
47%
meitä
46%
mieli
46%
huutaa
45%
onko
45%
pidempään?
45%
Voiko
45%
elää
44%
irti
44%
samaa
44%
unta,
44%
unta
44%
nähdään
42%
niin
42%
Niin
42%
sanat
40%
vastausta
40%
ees
39%
siihen
39%
kukaan
38%
samat
38%
aikaan
36%
anna
36%
kehostaan
36%
sanotaan
36%
samaan
35%
siitä
35%
eihän
34%
kohtalosta,
33%
silloin
32%
puhutaanko
31%
että
26%
mietin,
26%
päivä
24%
tiesin,
24%
kyynisesti
23%
kaunein
22%
tavallaan
22%
jota
21%
nostat
21%
alta
20%
maailman
20%
jostain
19%
pohjan
18%
Ehtoja vastaavia visoja ei löytynyt
Tulosjakauma
Jokaisen tuloksen saaneiden osuus
Persentiili vastausten määrän mukaan
Tuloshistoriasi
Et ole pelannut tätä visaa